000 00652nam a2200229Ia 4500
003 OSt
005 20220925203616.0
006 a|||||r|||| 00| 0
007 ta
008 220923b |||||||| |||| 00| 0 eng d
037 _cGeneral Book
040 _aRTL
_cRTL
_beng
041 _2eng
_aeng
082 _aY:5oax.1.N62, L8/TD
100 _aCIPOLLA Carlo M
_922268
245 0 _aEconomic history of world population
260 _aEngland
_bPenguin books
_c1962
300 _a155p.
_ccm.
500 _aBibliograpgy : P. 137-150
942 _hY:5oax.1.N62, L8/TD
_cGB
_2CC
999 _c547163
_d547163